000 00354nam a2200109Ia 4500
008 171211s9999 xx 000 0 und d
245 _aContemporary Theory and Practice of Organizations, Part I
245 _cDaniel Simonovich and Timea Havar-Simonovich
260 _c2016
650 _xBUSINESS
856 _uhttp://down.ebook777.com/063/9783838208879.pdf
999 _c349452
_d349452